Kerly's Law of Trade Marks and Trade Names / (Record no. 613912)

000 -LEADER
fixed length control field 00387nam a22001457a 4500
020 ## - INTERNATIONAL STANDARD BOOK NUMBER
International Standard Book Number 9780414099739
082 ## - DEWEY DECIMAL CLASSIFICATION NUMBER
Classification number 346.0488
Author Mark MEL
100 ## - MAIN ENTRY--PERSONAL NAME
Personal name Mellor, James
245 ## - TITLE STATEMENT
Title Kerly's Law of Trade Marks and Trade Names /
Statement of responsibility, etc. James Mellor
250 ## - EDITION STATEMENT
Edition statement 17TH Edition
260 ## - PUBLICATION, DISTRIBUTION, ETC.
Place of publication, distribution, etc. England:
Name of publisher, distributor, etc. Thomson Reuters,
Date of publication, distribution, etc. 2024.
300 ## - PHYSICAL DESCRIPTION
Extent 1853 p. ;
Dimensions 24 cm.
563 ## - BINDING INFORMATION
Binding note HB.
942 ## - ADDED ENTRY ELEMENTS (KOHA)
Source of classification or shelving scheme
Koha item type Book
Holdings
Withdrawn status Lost status Source of classification or shelving scheme Damaged status Not for loan Permanent Location Current Location Date acquired Source of acquisition Total Checkouts Full call number Barcode Date last seen Price effective from Koha item type
          NUST Law School (NLS) NUST Law School (NLS) 06/26/2025 Pakistan Law House   346.0488 MEL NLS-2089 06/26/2025 06/26/2025 Book
© 2023 Central Library, National University of Sciences and Technology. All Rights Reserved.